Z. Németh István legszebb versei

Bibliographic Details
Main Author: Németh, István Z., 1969- (Author)
Other Authors: Szepes, Erika (Compiler, Author of afterword, colophon, etc.)
Format: Book
Language:Hungarian
PhysicalDescription:143 s. 18 cm
Published: [Veľká Mača] ART Danubius 2015
ISBN:9788097210632
Subjects:

MARC

LEADER 00000nam a2200000 a 4500
001 vtls011566846
003 SK-MaSNL
005 20260301221236.0
008 240318s2015 xo g 000 p hun
015 |a SNBA2016/08 
020 |a 9788097210632  |q (viaz.) 
035 |a A5B17B7C-114A-4EBB-916E-75179D3EACCB 
035 |a urn:nbn:sk:snk-amthdq 
035 |a urn:nbn:sk:snk-am00boso 
040 |a SNK  |b slo  |c SNK  |e AACR2 
041 0 |a hun 
044 |a xo  |c SK 
072 7 |a 821.511.1  |x Ugrofínske literatúry  |2 konspekt 
080 |a 821.511.141-1  |2 2011 
100 1 |a Németh, István Z.,  |d 1969-  |4 aut  |9 101438 
245 1 0 |a Z. Németh István legszebb versei  |c Válogatta és az utószót írta Szepes Erika 
246 3 0 |a Legszebb versei 
260 |a [Veľká Mača]  |b ART Danubius  |c 2015 
300 |a 143 s.  |c 18 cm 
500 |a Tir. aj v slov. 
500 |a Miesto vyd. podľa ISBN 
655 7 |a maďarská poézia  |2 SNKPH  |9 70602 
655 7 |a Hungarian poetry  |2 SNKPHeng  |9 279235 
700 1 |a Szepes, Erika  |4 com  |4 aft  |9 609375 
919 |a 978-80-972106-3-2 
958 |a LX 
958 |a HU 
958 |a NM 
999 |c 935049  |d 936979 
952 |a SNK  |b SNK  |y PREZ  |7 0  |p 17A1199329  |o snkSD 85419  |i snk2016/17186  |8 0  |0 0  |1 0  |4 0  |d 2016-07-13  |f 1  |l 0  |r 2026-02-24 09:00:55  |w 2026-02-24 
952 |a SNK  |b SNK  |y VYP  |7 0  |p 17A1199330  |o snkSD 85419 D1  |i snk2016/17187  |8 0  |0 0  |1 0  |4 0  |d 2016-07-13  |l 0  |r 2026-02-24 09:00:55  |w 2026-02-24